000 00624cam a2200193 4500500
005 20260405004013.0
041 _afre
042 _adc
100 1 0 _aDegiovanni, Clara
_eauthor
245 0 0 _a“Le Phénomène de la vie” : la spiritualité de la matière selon Hans Jonas
260 _c2026.
500 _a57
690 _aBiologie
690 _aHans Jonas
690 _aPhénoménologie
690 _aVivant
786 0 _nPhilosophie magazine | 197 | 2 | 2026-02-01 | p. 150-150 | 1951-1787
856 4 1 _uhttps://shs.cairn.info/magazine-philosophie-magazine-2026-2-page-150?lang=fr&redirect-ssocas=7080
999 _c2072823
_d2072823